[Event "American Cont Blitz 2025"]
[Site "Foz do Iguacu BRA"]
[Date "2025.05.30"]
[Round "8.11"]
[White "Carcamo, Matias"]
[Black "Mayta Aiza, Maveric"]
[Result "1/2-1/2"]
[BlackTitle "CM"]
[WhiteElo "2077"]
[BlackElo "2184"]
[WhiteFideId "115541"]
[BlackFideId "3307336"]
[EventDate "2025.05.30"]

1. e4 c5 2. Nc3 Nc6 3. g3 g6 4. Bg2 Bg7 5. d3 d6 6. f4 e6 7. Nf3 Nge7 8. O-O O-O
9. Be3 Rb8 10. Rb1 b5 11. Ne2 b4 12. Qd2 Qa5 13. Nc1 Nd4 14. Nxd4 cxd4 15. Bf2
Qc7 16. Nb3 e5 17. Rfc1 Qd8 18. c3 bxc3 19. bxc3 dxc3 20. Qxc3 exf4 21. Qc7 Ba6
22. d4 fxg3 23. hxg3 Bd3 24. Rb2 Rc8 25. Qxa7 Nc6 26. Qa4 Ne7 27. Rd2 Ra8 28.
Qb4 Ba6 29. e5 d5 30. Nc5 Bh6 31. Re1 Bxd2 32. Qxd2 Bc4 33. a4 Nf5 34. Qf4 Ng7
35. Qg4 Qe7 36. Bh3 Nf5 37. Qf4 Ng7 38. Qg4 Nf5 39. Qf4 Ng7 40. Nd7 Nh5 41. Qh6
Rfd8 42. Nc5 Rab8 43. g4 Ng7 44. Bh4 Qa7 45. Bf6 Ne8 46. Bxd8 Rxd8 47. e6 fxe6
48. g5 Ng7 49. Nxe6 Re8 50. Qh4 Nf5 51. Bxf5 gxf5 52. Nc5 Qf7 53. Re5 Rxe5 54.
dxe5 f4 55. e6 Qf5 56. e7 Qb1+ 57. Kh2 Qc2+ 58. Kg1 Qd1+ 59. Kg2 Qe2+ 60. Qf2
Qg4+ 61. Kh2 Qh5+ 62. Kg1 Qd1+ 63. Kh2 Qh5+ 64. Kg1 Qd1+ 65. Kh2 Qh5+ 66. Kg1
Qd1+ 67. Kh2 Qh5+ 68. Kg1 Qxg5+ 69. Qg2 Qxg2+ 70. Kxg2 Kf7 71. Kf3 Kxe7 72. Kxf4
Kd6 73. Nb7+ Ke7 74. Nc5 Kf7 75. Kf3 Ke7 1/2-1/2

[Event "American Cont Blitz 2025"]
[Site "Foz do Iguacu BRA"]
[Date "2025.05.30"]
[Round "8.12"]
[White "Reyes Zavaleta, Cristhian Yamil"]
[Black "Lima, Stefan Moisei VIeira"]
[Result "1/2-1/2"]
[BlackTitle "FM"]
[WhiteElo "2073"]
[BlackElo "2241"]
[WhiteFideId "3844340"]
[BlackFideId "22782273"]
[EventDate "2025.05.30"]

1. d4 f5 2. c4 Nf6 3. Nc3 d6 4. g3 g6 5. Bg2 Bg7 6. Nf3 O-O 7. O-O c6 8. d5 e5
9. e4 Na6 10. dxc6 bxc6 11. exf5 gxf5 12. Bg5 Nc5 13. b4 Ne6 14. Qb3 Kh8 15.
Rad1 Qe7 16. Bh4 e4 17. Ng5 Nxg5 18. Bxg5 Be6 19. Rfe1 Qf7 20. Bf1 Ng4 21. Rxd6
Ne5 22. Be2 Bxc4 23. Bxc4 Qxc4 24. Qxc4 Nxc4 25. Re6 Bxc3 26. Rc1 Bd2 27. Bxd2
Nxd2 28. Rcxc6 Nf3+ 29. Kg2 Rf7 30. a4 Rd8 31. Red6 Rfd7 32. Rxd7 Rxd7 33. b5
Rd1 34. Rc8+ Kg7 35. Rc7+ Kg6 36. Rxa7 Rg1+ 37. Kh3 Rh1 38. Kg2 Rxh2+ 39. Kf1
Rh1+ 40. Kg2 Rg1+ 41. Kh3 Ng5+ 42. Kh2 Nf3+ 43. Kh3 Ne5 44. b6 Rb1 45. a5 Nc4
46. b7 h5 47. a6 Ne5 48. Ra8 Nf3 49. Rg8+ Kh6 50. b8=Q Rh1+ 51. Kg2 Rg1+ 52. Kh3
Rh1+ 53. Kg2 Rg1+ 1/2-1/2

[Event "American Cont Blitz 2025"]
[Site "Foz do Iguacu BRA"]
[Date "2025.05.30"]
[Round "8.13"]
[White "Sanhueza, Cristian"]
[Black "Rodrigues, Edgar"]
[Result "0-1"]
[WhiteTitle "FM"]
[BlackTitle "FM"]
[WhiteElo "2182"]
[BlackElo "2245"]
[WhiteFideId "116815"]
[BlackFideId "2107090"]
[EventDate "2025.05.30"]

1. e4 c5 2. Nf3 e6 3. d4 cxd4 4. Nxd4 a6 5. Be2 Nf6 6. Nc3 Qc7 7. O-O d6 8. a4
b6 9. f4 Nbd7 10. Bf3 Bb7 11. Qe2 e5 12. Nf5 g6 13. Ne3 Qc5 14. Kh1 Bg7 15. f5
O-O 16. Bd2 Rac8 17. g4 d5 18. Nexd5 Bxd5 19. exd5 e4 20. Nxe4 Nxe4 21. Bxe4
Rfe8 22. Qg2 Bxb2 23. Rae1 Ne5 24. fxg6 hxg6 25. Bg5 Bc3 26. Rd1 Qb4 27. d6 Qxa4
28. Bd5 Qd7 29. Bb3 Rc6 30. Be7 b5 31. Rxf7 Nxf7 32. Qd5 Rc4 33. Rf1 Rxe7 34.
Bxc4 bxc4 35. Qxc4 Bd4 36. dxe7 Qb7+ 0-1

[Event "American Cont Blitz 2025"]
[Site "Foz do Iguacu BRA"]
[Date "2025.05.30"]
[Round "8.14"]
[White "Molina Sumoza, Jesus Alberto"]
[Black "Caetano, Hugo Zanotti Mendonca"]
[Result "1/2-1/2"]
[WhiteTitle "CM"]
[WhiteElo "2025"]
[BlackElo "2144"]
[WhiteFideId "3901874"]
[BlackFideId "2119420"]
[EventDate "2025.05.30"]

1. e4 c5 2. Nf3 Nc6 3. d4 cxd4 4. Nxd4 g6 5. c4 Bg7 6. Be3 Nf6 7. Nc3 O-O 8. Be2
d6 9. O-O Bd7 10. Qd2 Nxd4 11. Bxd4 Bc6 12. f3 Qa5 13. a3 Rfc8 14. b4 Qd8 15.
Rac1 Qf8 16. Be3 a6 17. Rfd1 h5 18. a4 Kh7 19. b5 axb5 20. cxb5 Bd7 21. Bg5 Be6
22. Re1 Nd7 23. Nd5 Bxd5 24. Qxd5 Nc5 25. Bd1 Bh6 26. Bc2 Bxg5 27. Qxg5 b6 28.
e5 Ne6 29. Qxh5+ Kg7 30. Qg4 d5 31. Bxg6 1/2-1/2

[Event "American Cont Blitz 2025"]
[Site "Foz do Iguacu BRA"]
[Date "2025.05.30"]
[Round "9.1"]
[White "Garcia Pantoja, Roberto"]
[Black "Martinez Alcantara, Jose Eduardo"]
[Result "1-0"]
[WhiteTitle "GM"]
[BlackTitle "GM"]
[WhiteElo "2531"]
[BlackElo "2611"]
[WhiteFideId "3509265"]
[BlackFideId "3805662"]
[EventDate "2025.05.30"]

1. e4 e5 2. Nf3 Nc6 3. Bb5 a6 4. Ba4 Nf6 5. O-O Be7 6. d3 d6 7. c4 O-O 8. h3 Nd7
9. Be3 Bf6 10. Nc3 Ne7 11. Nd5 Ng6 12. d4 exd4 13. Nxf6+ Nxf6 14. Qxd4 Bd7 15.
Bc2 Re8 16. Rfe1 Bc6 17. Bg5 Re6 18. Rad1 h6 19. Bc1 Qe8 20. Nd2 a5 21. b3 Qe7
22. Bb2 Re8 23. f3 Nh5 24. Nf1 Qg5 25. Qf2 Qh4 26. Ne3 Qxf2+ 27. Kxf2 Nf6 28.
Nf5 Ra8 29. a4 Nf8 30. g4 N8d7 31. h4 Ne5 32. Rg1 h5 33. gxh5 Nxh5 34. Rg5 g6
35. Rdg1 Kh7 36. Rxh5+ gxh5 37. Rg7+ Kh8 38. f4 Rf6 39. Rg5 Re8 40. fxe5 dxe5
41. Ke3 Kh7 42. Rxh5+ Kg8 43. Rg5+ Kh8 44. Ng3 Rfe6 45. Rh5+ Kg8 46. Rg5+ Kh8
47. Nf5 f6 48. Rg7 Rd8 49. Rxc7 Rg8 50. Bd3 Ree8 51. Rf7 Rg6 52. h5 Rg2 53. Ba3
Rh2 54. Be7 Rh3+ 55. Kd2 Rh2+ 56. Kc3 Rxh5 57. Bxf6+ Kg8 58. Rg7+ Kf8 59. Rc7
Re6 60. Bg7+ Kg8 61. c5 Rh3 62. Kd2 Rh2+ 63. Kc3 Rh3 64. Kc2 Rh2+ 65. Kb1 Rh1+
66. Kb2 Rh2+ 67. Ka3 Be8 68. Bc4 Bf7 69. Bxe6 Bxe6 70. Bxe5 Re2 71. Nh6+ Kf8 72.
Bd6+ 1-0

[Event "American Cont Blitz 2025"]
[Site "Foz do Iguacu BRA"]
[Date "2025.05.30"]
[Round "9.2"]
[White "Fier, Alexandr"]
[Black "Ticona Rocabado, Licael Roderick"]
[Result "1-0"]
[WhiteTitle "GM"]
[BlackTitle "IM"]
[WhiteElo "2556"]
[BlackElo "2359"]
[WhiteFideId "2107139"]
[BlackFideId "3319113"]
[EventDate "2025.05.30"]

1. d4 d5 2. Nf3 e6 3. c3 Nf6 4. Bg5 Be7 5. Nbd2 O-O 6. e3 c5 7. Bd3 Nc6 8. O-O
b6 9. Ne5 Bb7 10. f4 h6 11. Bxf6 Bxf6 12. Qh5 Bxe5 13. dxe5 d4 14. exd4 cxd4 15.
Rf3 dxc3 16. bxc3 Nb4 17. Be4 Nc2 18. Rb1 Qxd2 19. Bxb7 Rad8 20. Be4 f5 21. exf6
Rxf6 22. Qe5 Ne3 23. Rg3 Kf8 24. h3 Nd1 25. Kh2 Qxf4 26. Qxf4 Rxf4 27. Bf3 Nxc3
28. Rc1 Nd5 29. Bg4 Rf6 30. Ra3 a5 31. Rc6 Ke7 32. Rb3 g6 33. Rb1 h5 34. Bf3 Rd6
35. Rc8 Nb4 36. a3 Nd5 37. Rb8 e5 38. Re1 Rfe6 39. Rb7+ Kf6 40. Be4 Nc3 41. Rf1+
Kg5 42. Bc2 e4 43. Rc7 Rc6 44. Rd7 e3 45. g3 h4 46. gxh4+ Kxh4 47. Rg1 g5 48.
Bf5 Red6 49. Rh7+ Rh6 50. Re7 e2 51. Rg4+ Kh5 52. Bd7 Rcg6 53. Be8 Rh8 54. Rg3
Rxe8 55. Rxe8 Rc6 56. Re5 Rc5 57. Re6 Rf5 58. Rxc3 Rf2+ 59. Kg3 1-0

[Event "American Cont Blitz 2025"]
[Site "Foz do Iguacu BRA"]
[Date "2025.05.30"]
[Round "9.3"]
[White "Avila Pavas, Santiago"]
[Black "Lima, Darcy"]
[Result "1-0"]
[WhiteTitle "GM"]
[BlackTitle "GM"]
[WhiteElo "2469"]
[BlackElo "2380"]
[WhiteFideId "4437128"]
[BlackFideId "2100045"]
[EventDate "2025.05.30"]

1. d4 d6 2. Nf3 Nf6 3. Bg5 g6 4. Nbd2 Bg7 5. e4 O-O 6. c3 c5 7. dxc5 dxc5 8. Bc4
h6 9. Bh4 Nc6 10. Qe2 Nh5 11. Qe3 b6 12. O-O-O Qc7 13. Rhe1 Na5 14. Bd5 Rb8 15.
e5 Be6 16. Ne4 Bxd5 17. Rxd5 e6 18. Rdd1 Nc4 19. Qe2 Nxe5 20. Nd6 Nf4 21. Qe4
Nxf3 22. Qxf3 Nd5 23. Bg3 Qc6 24. a3 Qa4 25. Ne4 c4 26. Bxb8 Rxb8 27. Nd2 b5 28.
Re4 Nxc3 29. bxc3 Qxa3+ 30. Kc2 Qa2+ 31. Kc1 b4 32. Nxc4 bxc3 33. Qd3 c2 34.
Qxc2 Qa1+ 35. Kd2 1-0

[Event "American Cont Blitz 2025"]
[Site "Foz do Iguacu BRA"]
[Date "2025.05.30"]
[Round "9.4"]
[White "Ynojosa Aponte, Felix Jose"]
[Black "Salinas Herrera, Pablo"]
[Result "1-0"]
[WhiteTitle "IM"]
[BlackTitle "GM"]
[WhiteElo "2392"]
[BlackElo "2447"]
[WhiteFideId "3900258"]
[BlackFideId "3407128"]
[EventDate "2025.05.30"]

1. e4 d6 2. d4 Nf6 3. Bd3 g6 4. c3 Bg7 5. f4 O-O 6. Nf3 b6 7. O-O Bb7 8. e5 Ne8
9. Qe2 c5 10. e6 f5 11. Nbd2 Nc7 12. Re1 Nc6 13. dxc5 bxc5 14. Ng5 Rf6 15. g4
Nd5 16. Nc4 fxg4 17. Qxg4 Qf8 18. Rf1 Nc7 19. f5 d5 20. fxg6 h6 21. Nh7 Rxf1+
22. Bxf1 Qe8 23. Bf4 Qc8 24. Bxc7 Qxc7 25. Ne3 Ne5 26. Qf5 d4 27. Ng2 Nf3+ 28.
Kf2 Qb6 29. Rb1 c4 30. Kg3 Qd6+ 31. Nf4 d3 32. Bg2 Be5 33. Bxf3 Bxf3 34. Kxf3
Bxf4 35. Qxf4 Qxe6 36. Qe4 Qh3+ 37. Kf2 Qxh2+ 38. Kf3 Qh3+ 39. Kf2 Qh2+ 40. Kf3
Rd8 41. Qe6+ Kh8 42. Qf5 Qe2+ 43. Kg3 Qe3+ 44. Qf3 Qe5+ 45. Kg2 d2 46. Rf1 Qe6
47. Nf8 Qe5 48. Qf7 Qg7 49. Qxg7+ Kxg7 50. Ne6+ 1-0

[Event "American Cont Blitz 2025"]
[Site "Foz do Iguacu BRA"]
[Date "2025.05.30"]
[Round "9.5"]
[White "Perez Gormaz, Matias"]
[Black "Quesada Perez, Luis Ernesto"]
[Result "0-1"]
[WhiteTitle "IM"]
[BlackTitle "GM"]
[WhiteElo "2408"]
[BlackElo "2546"]
[WhiteFideId "3406342"]
[BlackFideId "3520773"]
[EventDate "2025.05.30"]

1. e4 d6 2. d4 Nf6 3. Bd3 e5 4. Nf3 exd4 5. Nxd4 g6 6. O-O Bg7 7. c4 O-O 8. Nc3
Nc6 9. Nxc6 bxc6 10. Bd2 Ng4 11. h3 Ne5 12. Be2 Be6 13. b3 f5 14. f4 Nd7 15.
exf5 Bxf5 16. Bf3 Qh4 17. Qe1 Qf6 18. Qf2 Nc5 19. Bxc6 Nd3 20. Qg3 Rab8 21. Kh1
h5 22. Rad1 Nc5 23. Bf3 Kh7 24. Nd5 Qf7 25. Be3 Rbe8 26. Rfe1 Ne4 27. Qh2 h4 28.
Bxe4 Rxe4 29. Bf2 0-1

[Event "American Cont Blitz 2025"]
[Site "Foz do Iguacu BRA"]
[Date "2025.05.30"]
[Round "9.8"]
[White "Liascovich, Lucas"]
[Black "Rojas Salas, Steven"]
[Result "1/2-1/2"]
[WhiteTitle "IM"]
[BlackTitle "IM"]
[WhiteElo "2417"]
[BlackElo "2343"]
[WhiteFideId "108634"]
[BlackFideId "3819434"]
[EventDate "2025.05.30"]

1. d4 a6 2. a3 b5 3. b4 Bb7 4. Bb2 d6 5. Nf3 Nd7 6. g3 Ngf6 7. Bg2 c5 8. dxc5
dxc5 9. O-O Qc7 10. a4 cxb4 11. axb5 axb5 12. Rxa8+ Bxa8 13. Qd3 e6 14. Qxb5 Be7
15. c3 O-O 16. cxb4 Rb8 17. Qa6 Bxb4 18. Bxf6 Nxf6 19. Nbd2 Bxd2 20. Nxd2 Bxg2
21. Kxg2 h5 22. Nf3 Qb7 23. Qxb7 Rxb7 24. Rc1 g6 25. Rc2 Kg7 26. h3 Nd5 27. Rd2
Kf6 28. Ra2 Nc3 29. Rc2 Nd5 30. Rb2 g5 31. Rc2 g4 32. hxg4 hxg4 33. Nd2 Rb4 34.
Nc4 Ne7 35. Ne3 Ke5 36. Rc5+ Nd5 37. Nxd5 exd5 38. e3 Rb7 39. Rc8 f5 40. Re8+
Kf6 41. Ra8 Ke6 42. Ra6+ Ke5 43. Ra4 Rb1 44. Ra8 Rc1 45. Re8+ Kf6 46. Rd8 Ke6
47. Re8+ Kf6 48. Rd8 Ke6 49. Re8+ Kf6 1/2-1/2

[Event "American Cont Blitz 2025"]
[Site "Foz do Iguacu BRA"]
[Date "2025.05.30"]
[Round "9.9"]
[White "Carcamo, Matias"]
[Black "Reyes Zavaleta, Cristhian Yamil"]
[Result "1-0"]
[WhiteElo "2077"]
[BlackElo "2073"]
[WhiteFideId "115541"]
[BlackFideId "3844340"]
[EventDate "2025.05.30"]

1. e4 e6 2. d4 d5 3. exd5 exd5 4. Nf3 Nf6 5. Bd3 Bg4 6. c3 Bd6 7. Bg5 O-O 8. O-O
Nbd7 9. Nbd2 c6 10. Qc2 Qc7 11. Rac1 Rfe8 12. c4 h6 13. Bh4 Bf4 14. a3 Bxf3 15.
Nxf3 Bxc1 16. Rxc1 dxc4 17. Bxc4 Nb6 18. Bb3 Nbd5 19. Ne5 Qb6 20. Rd1 Rac8 21.
Bxf6 Nxf6 22. Bxf7+ Kf8 23. Bxe8 Rxe8 24. Qg6 Qb3 25. Rd3 Qd5 26. h3 Kg8 27. Rg3
Re7 28. Qxf6 1-0

[Event "American Cont Blitz 2025"]
[Site "Foz do Iguacu BRA"]
[Date "2025.05.30"]
[Round "9.10"]
[White "Mayta Aiza, Maveric"]
[Black "Becker, Rogerio Sperb"]
[Result "1/2-1/2"]
[WhiteTitle "CM"]
[WhiteElo "2184"]
[BlackElo "2111"]
[WhiteFideId "3307336"]
[BlackFideId "22767797"]
[EventDate "2025.05.30"]

1. e4 Nf6 2. e5 Nd5 3. c4 Nb6 4. a4 a5 5. Nf3 d6 6. d4 Bg4 7. Bf4 Nc6 8. Be2 e6
9. exd6 cxd6 10. O-O Be7 11. d5 exd5 12. cxd5 Nb4 13. Nc3 O-O 14. h3 Bh5 15. Re1
h6 16. Qd2 Rc8 17. Nd4 Bxe2 18. Rxe2 N6xd5 19. Nxd5 Nxd5 20. Nf5 Rc5 21. Nxe7+
Nxe7 22. Bxd6 Rd5 23. Bxe7 Rxd2 24. Bxd8 Rfxd8 25. Re5 R2d5 26. Re7 R8d7 27.
Rae1 g6 28. g3 Rd4 29. Rxd7 Rxd7 30. Re5 b6 31. Kg2 Kg7 32. b3 Kf6 33. Re3 Rd4
34. Rc3 Rb4 35. f4 h5 36. Kf3 Ke6 37. Rd3 f6 38. Ke3 g5 39. Kf3 h4 40. fxg5 fxg5
41. gxh4 gxh4 42. Ke3 Ke5 43. Rc3 Re4+ 44. Kf3 Kd5 45. Rd3+ Rd4 46. Ke3 Rxd3+ 1/2-1/2

[Event "American Cont Blitz 2025"]
[Site "Foz do Iguacu BRA"]
[Date "2025.05.30"]
[Round "9.11"]
[White "Giron Chavez, David Emanuel"]
[Black "Reyes Zavaleta, Fabian Ricardo"]
[Result "1-0"]
[WhiteTitle "FM"]
[BlackTitle "FM"]
[WhiteElo "2108"]
[BlackElo "2299"]
[WhiteFideId "7300697"]
[BlackFideId "3844153"]
[EventDate "2025.05.30"]

1. e4 c5 2. Nf3 d6 3. d4 cxd4 4. Nxd4 Nf6 5. Nc3 a6 6. h3 e5 7. Nde2 h5 8. Bg5
Be6 9. f4 Nbd7 10. f5 Bc4 11. Ng3 Rc8 12. Bxc4 Rxc4 13. Nge2 Qc7 14. Qd3 b5 15.
O-O-O Nc5 16. Qf3 Ncxe4 17. Bxf6 Nxf6 18. Rd2 Be7 19. Kb1 b4 20. Nd5 Nxd5 21.
Qxd5 O-O 22. Ng3 Rc8 23. Qd3 Bg5 24. Re2 h4 25. Ne4 Rd4 26. Qf3 Bf4 27. f6 d5
28. Qg4 g6 29. Ng5 Bxg5 30. Qxg5 Qd6 31. Rf1 Rf4 32. Ref2 Rxf2 33. Rxf2 e4 34.
Qh6 Qf8 35. Qxh4 e3 36. Re2 Re8 37. Qd4 Qd6 38. b3 Re4 39. Qd3 Qe5 40. Qxa6 Kh7
41. Qa7 Qe6 42. g4 d4 43. g5 Qd5 44. Kb2 Re6 45. Qb8 Qd6 46. Qa8 Re5 47. Qf3 Rc5
48. Qg4 Kg8 49. Qh4 Qf8 50. Qxd4 Rxg5 1-0

[Event "American Cont Blitz 2025"]
[Site "Foz do Iguacu BRA"]
[Date "2025.05.30"]
[Round "9.12"]
[White "Rodrigues, Edgar"]
[Black "Dauer, Andre Leonardo"]
[Result "0-1"]
[WhiteTitle "FM"]
[BlackTitle "CM"]
[WhiteElo "2245"]
[BlackElo "2138"]
[WhiteFideId "2107090"]
[BlackFideId "2126915"]
[EventDate "2025.05.30"]

1. e4 e6 2. d4 d5 3. Nc3 Nf6 4. Bg5 Be7 5. e5 Nfd7 6. Bxe7 Qxe7 7. f4 a6 8. Nf3
c5 9. Qd2 Nc6 10. dxc5 Nxc5 11. O-O-O Bd7 12. h4 b5 13. Bd3 b4 14. Ne2 a5 15. h5
a4 16. f5 b3 17. a3 bxc2 18. Bxc2 Nb3+ 19. Bxb3 axb3 20. Qe3 Na5 21. Kb1 Nc4 22.
Qxb3 O-O 23. f6 gxf6 24. exf6 Qxf6 25. Qc3 Qf5+ 26. Qd3 Qf6 27. Qd4 Qf5+ 28. Qd3
Rfb8 29. Qxf5 Rxb2+ 30. Kc1 exf5 31. Ne5 Rxe2 32. Nxc4 Rc8 33. Rxd5 Rxc4+ 34.
Kd1 Ra2 35. Rh3 Ba4+ 36. Ke1 Rc1+ 0-1

[Event "American Cont Blitz 2025"]
[Site "Foz do Iguacu BRA"]
[Date "2025.05.30"]
[Round "9.13"]
[White "Lima, Stefan Moisei VIeira"]
[Black "Caetano, Hugo Zanotti Mendonca"]
[Result "0-1"]
[WhiteTitle "FM"]
[WhiteElo "2241"]
[BlackElo "2144"]
[WhiteFideId "22782273"]
[BlackFideId "2119420"]
[EventDate "2025.05.30"]

1. c4 e6 2. g3 d5 3. Bg2 Nf6 4. Nf3 Be7 5. O-O O-O 6. b3 b6 7. d4 Bb7 8. Nc3
dxc4 9. bxc4 c5 10. d5 exd5 11. Nh4 Bd6 12. cxd5 Be5 13. Bb2 Na6 14. e4 Re8 15.
Re1 b5 16. Qd2 b4 17. Nd1 Bxb2 18. Nxb2 Nc7 19. Nc4 Ba6 20. Na5 Nb5 21. Nc6 Qc7
22. Nf5 h6 23. Nxh6+ gxh6 24. Qxh6 Nh7 25. e5 Nc3 26. d6 Qd7 27. Be4 f5 28. Qg6+
Qg7 29. Bxf5 Bb7 30. Ne7+ Kh8 31. Qh5 Rxe7 32. dxe7 Qxe7 33. f3 Rf8 34. g4 Bd5
35. a3 a5 36. axb4 axb4 37. Ra6 Qf7 38. Qh4 Rg8 39. Rh6 Rg7 40. e6 Qe7 41. Qh5
b3 42. Ra1 b2 43. Ra8+ Bxa8 44. Rxh7+ Rxh7 0-1

[Event "American Cont Blitz 2025"]
[Site "Foz do Iguacu BRA"]
[Date "2025.05.30"]
[Round "9.14"]
[White "Muniz, Francisco Allysson da S."]
[Black "Pavoni, Felipe Stevanin"]
[Result "1-0"]
[WhiteElo "2197"]
[BlackElo "1868"]
[WhiteFideId "2184753"]
[BlackFideId "2189097"]
[EventDate "2025.05.30"]

1. d4 Nf6 2. c4 g6 3. Nc3 Bg7 4. e4 d6 5. f3 O-O 6. Be3 e5 7. d5 Na6 8. Qd2 Bd7
9. Rc1 Nc5 10. b4 Na6 11. a3 Nh5 12. Bd3 f5 13. Nge2 f4 14. Bf2 Qg5 15. g4 Nf6
16. h4 Qh6 17. g5 Qh5 18. gxf6 Bxf6 19. Ng1 Rf7 20. Bf1 Rd8 21. Bh3 Bxh4 22.
Bxh4 Qxh4+ 23. Qf2 Qf6 24. Bxd7 Rfxd7 25. Qxa7 Qg5 26. Qf2 c6 27. Rc2 Nc7 28.
Qh4 Qxh4+ 29. Rxh4 Ra8 30. a4 Na6 31. Rb2 Kg7 32. dxc6 bxc6 33. Nge2 Rb8 34. b5
Nc5 35. Nc1 Ra7 36. Ra2 cxb5 37. cxb5 g5 38. Rhh2 Ne6 39. Nb3 Kg6 40. Rad2 Rc7
41. Rxd6 Rxc3 42. Rxe6+ Kf7 43. Ra6 Rxb3 44. Rxh7+ Kg8 45. Rah6 Rf8 46. Rh8+ Kg7
47. R6h7+ Kg6 48. Rxf8 Kxh7 49. Ke2 Ra3 50. Ra8 Ra2+ 51. Kd3 Ra3+ 52. Ke2 Ra2+
53. Kf1 Kg6 54. b6 Kh5 55. Rh8+ Kg6 56. b7 1-0